MARC details
| 000 -LÍDER |
| campo de controle de tamanho fixo |
01275naa a22003257a 4500 |
| 001 - NÚMERO DE CONTROLE |
| campo de controle |
BR6010110 |
| 003 - IDENTIFICADOR DO NÚMERO DE CONTROLE |
| campo de controle |
BR-BrBNA |
| 005 - DATA E HORÁRIO DA ÚLTIMA TRANSAÇÃO |
| campo de controle |
20240918173146.0 |
| 007 - CAMPO FIXO DE DESCRIÇÃO FÍSICA--INFORMAÇÃO GERAL |
| campo de controle de tamanho fixo |
ta |
| 008 - CAMPO DE DADOS FIXOS--INFORMAÇÃO GERAL |
| campo de controle de tamanho fixo |
230509b bl.||||| |||| 00| 0 por d |
| 040 ## - FONTE DA CATALOGAÇÃO |
| Instituição da catalogação original |
BR-BrBNA |
| Idioma da catalogação |
por |
| Instituição que transcreveu o registro |
Biblioteca Nacional de Agricultura |
| 041 ## - CÓDIGO DE IDIOMA |
| Código do idioma do texto/trilha sonora ou título diferente |
(Pt) |
| 072 ## - CÓDIGO DE CATEGORIA DE ASSUNTO |
| Código de Categoria de Assunto |
L00; E15 |
| Código do objeto |
5214 |
| -- |
9410 |
| -- |
G514 |
| 090 ## - NÚMERO DE CHAMADA LOCAL |
| Número de chamada |
L00 BR6010110 |
| 100 1# - ENTRADA PRINCIPAL--NOME PESSOAL |
| Nome pessoal |
Hidembrand, S. |
| 111 1# - ENTRADA PRINCIPAL--NOME DO EVENTO |
| Nome do evento ou lugar |
1. Congresso Pecuario do Brasil Central |
| Local do evento |
Barretos, SP (Brazil) |
| Data do evento ou assinatura do tratado |
18 Apr 1941 |
| 245 1# - TÍTULO |
| Título |
Possibilidades economicas do leite e seus derivados na exploracao extensiva de bovinos [Producao leiteira; Brasil] |
| 260 3# - PUBLICAÇÃO, DISTRIBUIÇÃO, ETC. |
| Local de publicação, distribuição, etc. |
Sao Paulo, SP (Brasil): |
| Nome do editor, distribuidor, etc. |
Sociedade Impressora Brasileira - Brusco, |
| Data da publicação, distribuição, etc. |
1942. |
| 500 ## - NOTA GERAL |
| Nota geral |
Anais do 1. Congresso Pecuario do Brasil Central<br/>Sao Paulo, SP (Brasil): Sociedade Impressora Brasileira - Brusco, 1942. p. 201-207<br/>(BR6010110-AM)L00<br/> |
| 650 ## - ASSUNTO--TERMO TÓPICO |
| Cabeçalho tópico ou nome geográfico |
Producao animal |
| 650 ## - ASSUNTO--TERMO TÓPICO |
| Cabeçalho tópico ou nome geográfico |
Microeconomia |
| 650 ## - ASSUNTO--TERMO TÓPICO |
| Cabeçalho tópico ou nome geográfico |
Gado leiteiro |
| 650 ## - ASSUNTO--TERMO TÓPICO |
| Cabeçalho tópico ou nome geográfico |
Leite |
| 650 ## - ASSUNTO--TERMO TÓPICO |
| Cabeçalho tópico ou nome geográfico |
Gado de corte |
| 650 ## - ASSUNTO--TERMO TÓPICO |
| Cabeçalho tópico ou nome geográfico |
Producao leiteira |
| 650 ## - ASSUNTO--TERMO TÓPICO |
| Cabeçalho tópico ou nome geográfico |
Economia da producao |
| 773 0# - ENTRADA ANALÍTICA |
| Título |
Anais do 1. Congresso Pecuario do Brasil Central |
| Número de controle do registro |
L00 BR6010110 |
| Partes relacionadas |
Sao Paulo, SP (Brasil), 1942. p. 201-207 |
| 909 ## - |
| -- |
202404 |
| -- |
Lucia |
| -- |
55 |
| -- |
Lucia Elande |
| 942 ## - ELEMENTOS DE ENTRADA ADICIONADOS (KOHA) |
| Tipo de material Koha |
Capítulo-Livro |
| Fonte da classificação ou esquema de arquivamento na estante |
Classificação AGRIS |